000 00638nam a2200229Ia 4500
003 OSt
005 20220927105853.0
006 a|||||r|||| 00| 0
007 ta
008 220926b |||||||| |||| 00| 0 eng d
024 _a44453
037 _cReference Collections
040 _aRTL
_cRTL
_beng
041 _2eng
_aeng
082 _a"X:8Jp2, N5, J9-1"
111 _aConference of the Chartered Accountants of India (1959 : Bombay)
_9375498
245 0 _aSupplement to the proceedings
260 _c1959
650 _aAudit
_9353217
942 _h"X:8Jp2, N5, J9-1"
_cCC
999 _c695036
_d695036